Global tobacco : key findings part 1 - tobacco overview and cigarettes :
| Format: | Book |
|---|---|
| Published: |
London:
Euromonitor International,
2013.
|
| Subjects: |
| LEADER | 00515cam a2200133 7i4500 | ||
|---|---|---|---|
| 001 | 0000030381 | ||
| 005 | 20131014090000.0 | ||
| 090 | 0 | 0 | |a I 338.17371 |b GLO |
| 245 | 0 | 0 | |a Global tobacco : |b key findings part 1 - tobacco overview and cigarettes : |b key findings part 1 - tobacco overview and cigarettes : |b August 2013. |
| 260 | 0 | 0 | |a London: |b Euromonitor International, |c 2013. |
| 300 | # | # | |a 46 p. |
| 650 | 0 | 0 | |a Cigarettes -- |x Markets |
| 650 | 0 | 0 | |a Tobacco -- |x Markets |
| 999 | |a 0000033268 |b Book |c International |e Business Information Centre | ||